000 00349nam a2200121 4500
999 _c10732
_d10732
008 180919b ||||| |||| 00| 0 eng d
100 _931290
_aPorcalla, Delon
245 _aCentenarians act IRR signing lauded/
_cDelon Porcalla
260 _aPhilippines
_bThe Philippine Star
_cc2016
300 _apage 6.
650 0 _937136
_aLaw.
942 _2ddc
_cPER